000 00292nam a2200109Ia 4500
008 220216s9999 xx 000 0 und d
100 _aPiddlesden J H
245 4 _aThe Drying of rubber
260 _bJournal of the Rubber Research Institute of Malaya
_c1937
300 _a117-146
942 _cJS
999 _c70585
_d70585